Normale Ansicht MARC-Ansicht ISBD

A history of the Kikuyu, 1500-1900 (Titelsatznr. 65252)

[ MARC ]
MARC-Details
000 -Satzkennung
Kontrollfeld mit fester Länge 01180nad a2200349 a 4500
001 - Kontrollnummer
Kontrollfeld MIU01000000000000005053715
003 - Kontrollnummer Identifier
Kontrollfeld MiU
005 - Datum und Zeit der letzten Transaktion
Kontrollfeld 20231010141100.0
007 - Feld mit fester Länge zur physischen Beschreibung - Allgemeine Information
Kontrollfeld mit fester Länge cr mnummmmuuuu
008 - Feld mit fester Länge zur physischen Beschreibung - Allgemeine Angaben
Kontrollfeld mit fester Länge 891207s1974 ke b sb 001 0 eng d
010 ## - Kontrollnummer der Library of Congress
Gelöschte/ungültige LC-Kontrollnummer 74186971
020 ## - Internationale Standardbuchnummer
Gelöschte/ungültige ISBN 0195723147
024 7# - Anderer Standardidentifier
Standardnummer oder Code 2027/heb02646
Quelle der Nummer oder des Codes hdl
040 ## - Katalogisierungsquelle
Original-Katalogisierungsstelle MiU
Übertragungsstelle MiU
090 ## - LOCALLY ASSIGNED LC-TYPE CALL NUMBER (OCLC); LOCAL CALL NUMBER (RLIN)
Notation (OCLC) (R) ; Notation, CALL (RLIN) (NR) DT433.542
Local cutter number (OCLC) ; Book number/undivided call number, CALL (RLIN) (INTERNET)
041 ## - Sprachcode
Sprachcode des Textes/der Tonspur oder des separaten Titels eng
100 1# - Haupteintragung - Personenname
Personenname Muriuki, Godfrey.
Koha-Normdatenidentnummer 36684
245 12 - Titel
Titel A history of the Kikuyu, 1500-1900
Medium [electronic resource] /
Verfasserangabe etc. Godfrey Muriuki.
264 ## - Produktion, Veröffentlichung, Distribution, Herstellung und Urheberrechtsvermerk
Herstellungs-, Veröffentlichungs- Vertriebs-, Erzeugungsort Nairobi ;
Produzent, Herausgeber, Distributor, Hersteller Oxford University Press,
Datum der Herstellung, der Veröffentlichung, des Vertriebs oder des Urheberschutzvermerks 1974.
300 ## - Physische Beschreibung
Umfang viii, 190 p. :
Andere physische Details maps ;
Maße 22 cm.
336 ## - Inhaltstyp
Quelle rdacontent
Inhaltstypcode txt
Inhaltstypterm Text
337 ## - Medientyp
Quelle rdamedia
Medientypcode bc
Bezeichnung des Medientyps Computermedien
338 ## - Datenträgertyp
Quelle rdacarrier
Datenträgertypcode cr
Datenträgertypbezeichnung Online Ressource
504 ## - Fußnote zu Literaturverzeichnissen usw.
Fußnote zu Bibliographien usw. Includes bibliography (p. [180]-185) and index.
500 ## - Allgemeine Fußnote
Allgemeine Fußnote E-Book-ACLS / Zugriff nur im DHI-Lesesaal
500 ## - Allgemeine Fußnote
Allgemeine Fußnote American Council of Learned Societies/ https://www.humanitiesebook.org/about/
650 #0 - Nebeneintragung unter einem Schlagwort - Sachschlagwort
Allgemeine Unterteilung History.
Koha-Normdatenidentnummer 269
653 ## - Indexierungsterm - Nicht normiert
Nicht-normierter Term Kikuyu (African people)
830 #0 - Nebeneintragung unter dem Gesamttitel - Einheitstitel
Einheitstitel ACLS Humanities E-Book.
Koha-Normdatenidentnummer 36685
856 40 - Elektronische Adresse und Zugriff
OPAC-Notiz Volltext
URL <a href="https://hdl.handle.net/2027/heb02646">https://hdl.handle.net/2027/heb02646</a>
942 ## - Zusätzliche Felder (Koha)
Koha-Medientyp E-Books
Exemplare
Ausgeschieden Verloren Beschädigt Nicht entleihbar Heimatbibliothek Aufenthaltsbibliothek Aufstellungsort Erwerbungsdatum Inventarnummer Signatur Barcode Letzte Aktivität Preis gültig von Koha-Medientyp
        MWN Osteuropa MWN Osteuropa Online-Ressource 10/10/2023 23-e0ACLS E-23-e0ACLS 68087 10/10/2023 10/10/2023 E-Books